000 00850nam a2200241 i 4500
003 DO-SdBNP
005 20250722101632.0
007 ta
008 250722b200- dr ||||| |||| 00| 0 spa d
040 _aDO-SdBNP
_bspa
_cBNPHU
_erda
041 _aspa
082 4 _axxx
_bR426L
_222
110 1 _aRepública Dominicana.
_b[Leyes, etc.]
_911088
245 1 0 _aLey no. 392-07 sobre competitividad e innovación industrial, del 4 de diciembre de 2007, gaceta oficial no. 10448, del 6 de diciembre de 2007 /
_by legislación complementaria
264 1 _aSanto Domingo :
_bEditora Dalis
_bEl Congreso Nacional,
_c200?.
300 _a48 páginas ;
_c21 cm.
336 _atexto
_btxt
_2rdacontent
337 _asin mediación
_bn
_2rdamedia
338 _avolumen
_bnc
_2rdacarrier
590 _aInventariado, 2025 /BT
910 _aBtavárez
942 _2ddc
_cLBS1
999 _c59604
_d59604